Weitgestrante Flachentragwerke 20/1974

Saved in:
Bibliographic Details
Main Author: Noesgen, Jurgen (Author)
Format: Book
Language:German
Published: Duesseldorf : Werner Verlag, 1976
Tags: Add Tag
No Tags, Be the first to tag this record!

MARC

LEADER 00000nam a22000003a 4500
001 stu209913
005 20150617230101.5
008 100823s1976----ge------------------ger-d
040 |a STU  |b slo 
041 0 |a ger 
044 |a ge 
100 1 |a Noesgen, Jurgen  |4 aut 
245 1 |a Weitgestrante Flachentragwerke 20/1974 
260 |a Duesseldorf :  |b Werner Verlag,  |c 1976 
996 |c V*12067/O-3366  |l VV1  |s P  |a 0  |w stu209913_0001